[Event "Niedersachsen-ch Seniors op 14th"]
[Site "Bad Bevensen"]
[Date "2011.07.09"]
[Round "5"]
[White "Ribbert, Hans Dieter"]
[Black "Traut, Alexander"]
[Result "0-1"]
[WhiteElo "1165"]
[BlackElo "1318"]
[PlyCount "80"]
[EventDate "2011.07.05"]
[EventType "swiss"]
[EventRounds "9"]
[EventCountry "GER"]
[SourceTitle "EXT 2012"]
[Source "ChessBase"]
[SourceDate "2011.11.24"]
[SourceVersion "1"]
[SourceVersionDate "2011.11.24"]
[SourceQuality "1"]

1. d4 Nf6 2. Nc3 e6 3. a3 d5 4. Nf3 a6 5. e3 b5 6. Bd2 Nc6 7. Bd3 Bb7 8. b4 Bd6 9. 0-0 e5 10. dxe5 Nxe5 11. Nd4 0-0 12. Be2 Nc4 13. Bc1 Re8 14. g3 Qd7 15. Bf3 c6 16. Kh1 Qc7 17. Nf5 Be5 18. Nd4 Bc8 19. Re1 Bd7 20. Nce2 Bf5 21. c3 Be4 22. Ng1 g5 23. Re2 g4 24. Bxe4 dxe4 25. Rc2 Rad8 26. Qe2 h5 27. Nf5 Qd7 28. Nh4 Qd1 29. Qxd1 Rxd1 30. Kg2 Red8 31. Raa2 R8d3 32. Ne2 Nd5 33. Nf5 Nxc3 34. Nxc3 Bxc3 35. Ne7+ Kg7 36. Nxc6 Re1 37. Nd4 Ne5 38. Ne2 Nf3 39. Rxc3 Rdd1 40. Bb2 Rg1+ 0-1

[Event "Niedersachsen-ch Seniors op 14th"]
[Site "Bad Bevensen"]
[Date "2011.07.05"]
[Round "1"]
[White "Ribbert, Hans Dieter"]
[Black "Ungar, Benedict"]
[Result "0-1"]
[WhiteElo "1165"]
[BlackElo "1679"]
[PlyCount "44"]
[EventDate "2011.07.05"]
[EventType "swiss"]
[EventRounds "9"]
[EventCountry "GER"]
[SourceTitle "EXT 2012"]
[Source "ChessBase"]
[SourceDate "2011.11.24"]
[SourceVersion "1"]
[SourceVersionDate "2011.11.24"]
[SourceQuality "1"]

1. c4 Nf6 2. Nc3 e5 3. g3 Bc5 4. e3 Nc6 5. Bg2 a6 6. a3 d6 7. b4 Ba7 8. d3 0-0 9. Bd2 Re8 10. f3 Be6 11. Nge2 d5 12. cxd5 Nxd5 13. Nxd5 Qxd5 14. Bc1 Rad8 15. d4 exd4 16. e4 Qc4 17. 0-0 d3+ 18. Rf2 dxe2 19. Bd2 exd1Q+ 20. Rxd1 Qc2 21. Rdf1 Bxf2+ 22. Rxf2 Rxd2 0-1

[Event "Niedersachsen-ch Seniors op 13th"]
[Site "Bad Bevensen"]
[Date "2010.07.13"]
[Round "8"]
[White "Ribbert, Hans Dieter"]
[Black "Farin, Friedrich"]
[Result "0-1"]
[WhiteElo "1136"]
[BlackElo "1289"]
[PlyCount "84"]
[EventDate "2010.07.06"]
[EventType "swiss"]
[EventRounds "9"]
[EventCountry "GER"]
[SourceTitle "EXT 2012"]
[Source "ChessBase"]
[SourceDate "2011.11.24"]
[SourceVersion "1"]
[SourceVersionDate "2011.11.24"]
[SourceQuality "1"]

1. e4 h6 2. Nc3 d6 3. Bc4 g5 4. Qh5 e6 5. d3 Nf6 6. Qe2 Bg7 7. Bd2 Nc6 8. Be3 a6 9. d4 0-0 10. a3 b5 11. Bd3 Bb7 12. f3 Qe7 13. Nh3 Nd7 14. Qf2 f5 15. exf5 exf5 16. d5 Nd4 17. 0-0 c5 18. Rfe1 Ne5 19. Bxd4 cxd4 20. Ne2 Qf7 21. Nxd4 Bxd5 22. Bxf5 Qa7 23. Rad1 Nc4 24. c3 Ne5 25. Qc2 Rxf5 26. Kh1 Rf7 27. Nf5 Rxf5 28. Qxf5 Rf8 29. Qc2 Nxf3 30. Re2 Qb7 31. Ng1 Nh4 32. Nh3 Nxg2 33. Rxd5 Qxd5 34. Rxg2 Rf1+ 35. Ng1 Qf3 36. Qd2 d5 37. Qe2 Qf5 38. Qe8+ Kh7 39. Qh5 Qe4 40. Qh3 Kg6 41. Qg4 Rxg1+ 42. Kxg1 Qe1# 0-1

[Event "Niedersachsen-ch Seniors op 13th"]
[Site "Bad Bevensen"]
[Date "2010.07.09"]
[Round "4"]
[White "Ribbert, Hans Dieter"]
[Black "Schwenke, Norbert"]
[Result "0-1"]
[WhiteElo "1136"]
[BlackElo "1404"]
[PlyCount "61"]
[EventDate "2010.07.06"]
[EventType "swiss"]
[EventRounds "9"]
[EventCountry "GER"]
[SourceTitle "EXT 2012"]
[Source "ChessBase"]
[SourceDate "2011.11.24"]
[SourceVersion "1"]
[SourceVersionDate "2011.11.24"]
[SourceQuality "1"]

1. c4 Nf6 2. Nc3 g6 3. Nf3 Bg7 4. g3 d6 5. Bg2 c6 6. d3 Nbd7 7. a3 0-0 8. Bd2 Ng4 9. e3 Qc7 10. 0-0 Ndf6 11. Rc1 Re8 12. Re1 e5 13. e4 Be6 14. Ng5 Bd7 15. Rf1 Rad8 16. Qe2 Bc8 17. f3 Nh6 18. Be3 b6 19. g4 Qb7 20. Nh3 d5 21. cxd5 cxd5 22. exd5 Nxd5 23. Nxd5 Qxd5 24. Rcd1 Qd6 25. Nf2 f5 26. Bg5 Nf7 27. h4 Ba6 28. Bc1 Qd4 29. h5 gxh5 30. Be3 Qd6 31. Bc1 0-1

[Event "Bad Bevensen Seniors op 12th"]
[Site "Bad Bevensen"]
[Date "2009.07.10"]
[Round "4"]
[White "Schweers, Hugo"]
[Black "Ribbert, Hans Dieter"]
[Result "1-0"]
[WhiteElo "1605"]
[BlackElo "1149"]
[PlyCount "68"]
[EventDate "2009.07.07"]
[EventType "swiss"]
[EventRounds "9"]
[EventCountry "GER"]
[SourceTitle "EXT 2022"]
[Source "ChessBase"]
[SourceDate "2021.10.06"]
[SourceVersion "1"]
[SourceVersionDate "2021.10.06"]
[SourceQuality "1"]

1. d4 d5 2. c4 c6 3. e3 e6 4. Nc3 Nf6 5. Nf3 Nbd7 6. Bd2 Be7 7. cxd5 cxd5 8. Bd3 a6 9. 0-0 0-0 10. Rc1 Bd6 11. Qc2 Re8 12. Ng5 g6 13. Nf3 e5 14. dxe5 Nxe5 15. Nxe5 Bxe5 16. h3 b5 17. a3 Bb7 18. f4 Bxc3 19. bxc3 Rc8 20. f5 Ne4 21. fxg6 hxg6 22. Qd1 Rc7 23. Bxe4 dxe4 24. Qe2 Bd5 25. Rf4 Re5 26. Be1 Bc4 27. Qf2 Rd7 28. h4 Qc7 29. Qg3 Be6 30. Rf6 Kg7 31. Rf4 Re7 32. c4 f6 33. Bc3 Qxc4 34. Rxf6 Bf5 1-0

[Event "NRW-ch Seniors 19th"]
[Site "Hattingen"]
[Date "2008.05.28"]
[Round "8"]
[White "Ribbert, Hans Dieter"]
[Black "Angermann, Immo Frank"]
[Result "0-1"]
[WhiteElo "1203"]
[BlackElo "1610"]
[PlyCount "68"]
[EventDate "2008.05.19"]
[EventType "swiss"]
[EventRounds "9"]
[EventCountry "GER"]
[SourceTitle "EXT 2010"]
[Source "ChessBase"]
[SourceDate "2010.11.25"]
[SourceVersion "1"]
[SourceVersionDate "2010.11.25"]
[SourceQuality "1"]

1. e4 c6 2. Nc3 d5 3. d4 dxe4 4. Nxe4 Bf5 5. Ng3 Bg6 6. Be3 Nf6 7. c4 e6 8. a3 Nbd7 9. Be2 a5 10. h3 Bd6 11. f4 Qc7 12. Qd2 Ne4 13. Nxe4 Bxe4 14. Bf3 Nf6 15. Kf2 Bxf3 16. Nxf3 Ne4+ 17. Ke2 Nxd2 18. Nxd2 Bxf4 19. Bxf4 Qxf4 20. Nf3 Qg3 21. Rhg1 Ke7 22. Rae1 Rhd8 23. Kd1 Rd7 24. Re2 Rad8 25. Rd2 Qg6 26. Ne5 Qb1+ 27. Ke2 Qxg1 28. Nxd7 Rxd7 29. d5 Qxg2+ 30. Kd1 Qxd2+ 31. Kxd2 cxd5 32. c5 e5 33. b4 axb4 34. axb4 f5 0-1

[Event "NRW-ch Seniors 19th"]
[Site "Hattingen"]
[Date "2008.05.26"]
[Round "6"]
[White "Krueger, Erich"]
[Black "Ribbert, Hans Dieter"]
[Result "1-0"]
[WhiteElo "2090"]
[BlackElo "1203"]
[PlyCount "59"]
[EventDate "2008.05.19"]
[EventType "swiss"]
[EventRounds "9"]
[EventCountry "GER"]
[SourceTitle "EXT 2010"]
[Source "ChessBase"]
[SourceDate "2010.11.25"]
[SourceVersion "1"]
[SourceVersionDate "2010.11.25"]
[SourceQuality "1"]

1. d4 Nf6 2. c4 e6 3. Nc3 Be7 4. e4 d5 5. e5 Bb4 6. exf6 Bxc3+ 7. bxc3 Qxf6 8. Nf3 0-0 9. Bd3 g6 10. Bg5 Qg7 11. Qd2 f6 12. Bh6 Qf7 13. Bxf8 Qxf8 14. 0-0 c6 15. Rfe1 Na6 16. cxd5 cxd5 17. Bxa6 bxa6 18. Rab1 Qg7 19. Qf4 e5 20. dxe5 f5 21. e6 Qe7 22. Rb8 Rxb8 23. Qxb8 Qe8 24. Nd4 Kg7 25. Qe5+ Kg8 26. Qxd5 Qe7 27. Nc6 Qe8 28. e7+ Kg7 29. Nxa7 Bd7 30. Qxd7 1-0

[Event "GER Seniors Derby 02nd"]
[Site "Wesel/Heidelust"]
[Date "2003.03.14"]
[Round "3"]
[White "Koehler Kaess, Jan"]
[Black "Ribbert, Hans Dieter"]
[Result "0-1"]
[WhiteElo "1520"]
[BlackElo "1240"]
[PlyCount "102"]
[EventDate "2003.03.13"]
[EventType "swiss"]
[EventRounds "7"]
[EventCountry "GER"]
[SourceTitle "EXT 2006"]
[Source "ChessBase"]
[SourceDate "2005.11.24"]
[SourceVersion "1"]
[SourceVersionDate "2005.11.24"]
[SourceQuality "1"]

1. e4 e5 2. f4 d5 3. exd5 Qxd5 4. Nc3 Qe6 5. fxe5 Qxe5+ 6. Qe2 Qxe2+ 7. Bxe2 Be6 8. Nf3 Nc6 9. 0-0 Bc5+ 10. Kh1 h6 11. Bb5 Nge7 12. d4 Bd6 13. b3 a6 14. Bxc6+ bxc6 15. Ne4 Rd8 16. c4 Ng6 17. Be3 0-0 18. Rad1 Be7 19. h3 f5 20. Nc3 f4 21. Bf2 Bf5 22. c5 Bf6 23. Rfe1 Ne7 24. Kh2 Kh7 25. g4 fxg3+ 26. Bxg3 Rc8 27. Bh4 Nd5 28. Nxd5 cxd5 29. Bxf6 Rxf6 30. Rd2 Be4 31. Ne5 Rf4 32. Kg3 Rcf8 33. Ree2 g5 34. Rf2 h5 35. Rxf4 gxf4+ 36. Kh2 f3 37. Rf2 Kh6 38. Kg3 Rg8+ 39. Kh2 Rg2+ 40. Rxg2 fxg2 41. Kg1 Kg5 42. Nc6 Kf4 43. b4 Kg3 44. Nb8 Bd3 45. a4 Kxh3 46. Nxa6 Bxa6 47. b5 Bc8 48. c6 Kg3 49. a5 h4 50. a6 h3 51. a7 h2# 0-1